Taylor Swift - Choix Multiples - Statistiques

Statistiques générales
  • Ce quiz a été pris 10 009 fois
  • Le résultat moyen est 13 sur 15
Statistiques - réponses
Question Réponse % Correct
Comment les fans de Taylor Swift sont-ils appelés ? Swifties
99%
Quel est le nom de la tournée 2023-2024 de Taylor Swift, la tournée la plus lucrative de tous les temps ? The Eras Tour
97%
En quelle année Taylor Swift est-elle née ? (indice: également un album) 1989
93%
Laquelle de ces chansons est une chanson de Taylor Swift ? Red
90%
Quelle chanson commence par "I stay out too late / Got nothin' in my brain" Shake It Off
90%
Dans quelle chanson Taylor Swift chante-t-elle "It's me, hi / I'm the problem, it's me" ? Anti-Hero
89%
Lequel de ces titres N'EST PAS celui d'une chanson de Taylor Swift ? Cameo
87%
Laquelle de ces affaires le père de Taylor Swift possède-t-il ? Ferme de sapins
84%
Lequel de ces albums est sorti en premier ? Speak Now
83%
Avec laquelle de ces personnes Taylor Swift n'a-t-elle PAS entretenu de relation amoureuse ? Ryan Gosling
81%
En l'honneur de quel chanteur de country Taylor Swift a-t-elle nommé l'une de ses chansons ? Tim McGraw
81%
Quelle taille mesure Taylor Swift ? 178 cm
79%
Quelle maison de disques a enregistré les six premiers albums de Taylor Swift ? Big Machine Records
79%
Où Taylor Swift a-t-elle grandi ? Pennsylvanie
74%
Quelle université Taylor Swift a-t-elle fréquenté ? Elle n'y est pas allée
54%
Aucun quiz correspondant
Distribution des résultats
% des personnes avec chaque résultat
Percentile par nombre de réponses
Votre historique - résultats
Vous n’avez pas pris ce quiz